| 000 | 00905nam a22002537a 4500 | ||
|---|---|---|---|
| 001 | 80724 | ||
| 003 | BD-RjUL | ||
| 005 | 20221106171416.0 | ||
| 008 | 221106s1994 bg a|||| m||| 00| 0 eng d | ||
| 035 | _aBD-RjUL80724 | ||
| 040 |
_aBD-RjUL _beng _cBD-RjUL _dBD-RjUL |
||
| 041 | _aeng | ||
| 082 |
_223 _a633.18 _bAZS 1994 |
||
| 100 |
_aAzam, Md. Ali _95739 |
||
| 245 | 1 | 0 |
_aStudy of quantitative inheritance in some mutants of Rice / _cby Md. Ali Azam ; _6Supervisor : O. I. Joarder, Co-Supervisor : A. J. Miah |
| 260 |
_aRajshahi : _bDepartment of Botany, University of Rajshahi, _c1994 |
||
| 300 |
_a[xii], 188 leaves : _bill, ; _c29.cm. |
||
| 502 | _aThesis (M. Phil.) -- Department of Botany, University of Rajshahi, 1994 | ||
| 504 | _aReferences : Leaves 174 - 188 | ||
| 650 | _aRice | ||
| 700 |
_aJoarder, O. I. Supervisor _95586 |
||
| 700 |
_aMiah, A. J. Co-Supervisor _95740 |
||
| 942 |
_2ddc _cTHE |
||
| 999 |
_c80724 _d80724 |
||